00864nam a2200241 a 450000100060000000300080000600500170001400800410003103500190007204000270009104100080011804300120012608200260013810000270016424500820019126000400027330000250031349000660033850000750040465000300047965100470050983000660055614219BD-RjUL20211208235606.0190310s1943 ii a 000 0 eng  a(BD-RjUL)14271 aDLCcDLCbengdBD-RjUL aeng aa-ii--- 223a324.254bCHP 19431 aChandrasekharan, C. V.10aPolitical parties with special reference to India /cby C.V. Chandrasekharan. aMadras :bRochouse & Sons,c[1943?] aiv, 108 p. ;c17 cm. aThe Right Honourable V.S. Srinivasa Sastri endowment lectures a"Delivered under the auspices of the University of Madras, July 1943." 0aPolitical partieszIndia. 0aIndiaxPolitics and governmenty1919-1947. aThe Right Honourable V.S. Srinivasa Sastri endowment lectures